Представление документа в формате RUSMARC

ПолеНазваниеЗначение
  Тип записи a
  Библиографический уровень m
001 Контрольный номер cfa69fb4018a4b2fb41eec30eea4a5da
005 Дата корректировки 20180725152501.3
010 Индекс ISBN __
d Цена 320,00
a ISBN 978-5-406-05426-0
101 Язык документа 0_
a Язык текста rus
102 Страна публикации __
a Страна публикации RU
200 Заглавие и сведения об ответственности 1_
a Заглавие Финансовый анализ
b Общее обозначение материала Текст
e Сведения, относящиеся к заглавию учебное пособие
f Первые сведения об ответственности Э.А. Маркарьян, Г.П. Герасименко
205 Сведения об издании __
a Основные сведения об издании 9-е изд., перераб.
210 Выходные данные 1_
a Место издания М.
c Издательство КНОРУС
d Дата издания 2017
215 Физическое описание __
a Объем 192 с.
225 Серия 2_
a Серия Бакалавриат
300 Общие примечания __
a Общие примечания Рекомендовано УМО
610 Ключевые слова 0_
a Ключевые слова учебное пособие
a Ключевые слова гриф УМО
a Ключевые слова финансовый анализ
a Ключевые слова анализ финансовых результатов
a Ключевые слова анализ финансового состояния
a Ключевые слова анализ деловой активности
a Ключевые слова бакалавриат
a Ключевые слова магистратура
a Ключевые слова аспирантура
686 Индексы других классификаций __
a Классификационный индекс 65.053
700 Автор _1
a Фамилия Маркарьян
b Имя Э.А.
701 Альтернативная интеллектуальная ответственность _1
a Фамилия Герасименко
b Имя Г.П.
801 Источник записи _0
a Страна RU
b Организация РУК
g Правила каталогизации PSBO
801 Источник записи _1
a Страна RU
b Организация РУК
g Правила каталогизации PSBO
852 Данные о местонахождении __
i Авторский знак М 26
j Шифр хранения 65.053
901 Тип документа __
t Тип документа m
937 Технологическая информация __
a Создатель записи (имя) Михно
938 Служебная информация __
a Название организации Поволжский филиал
952 Тип литературы __
b Гриф литературы для ВШ гриф УМО
c Вид литературы учебное пособие